Normal view
MARC view
Entry Personal Name
001 - CONTROL NUMBER
- control field: 50727
003 - CONTROL NUMBER IDENTIFIER
- control field: ARRUPE
005 - DATE AND TIME OF LATEST TRANSACTION
- control field: 20211027112206.0
008 - FIXED-LENGTH DATA ELEMENTS
- fixed length control field: 211027|| aca||aabn | a|a d
040 ## - CATALOGING SOURCE
- Original cataloging agency: ARRUPE
- Transcribing agency: ARRUPE
100 ## - HEADING--PERSONAL NAME
- Personal name: Davis, Ernest
670 ## - SOURCE DATA FOUND
- Source citation: Work cat.: (ARRUPE)0: Marcus, Gary, author. 50726, Rebooting AI :